000 00756nam a22002297a 4500
003 DO-SdBNP
005 20211104110249.0
007 ta
008 211104b2018 dr a|||| |||| 00| 0 spa d
020 _a9789945912838
040 _aDO-SdBNP
_bspa
_cBNPHU
100 1 _aDe Jesús de León, Elvis
_943504
245 1 0 _aTesoros de las Escrituras II :
_bÉxodo-Levítico /
_c Elvis e Jesús De León, Ángel Duarte.
260 _aSanto Domingo :
_bPublicaciones Libertad,
_c2018.
300 _a148 p. :
_bil. ;
_c21 cm.
500 _aIncluye datos biográficos de los autores en la contracubierta.
504 _aBibliografía : p. 148
590 _aInventariado, 2021 /LP
700 1 _aDuarte, Ángel
_973540
910 _aLopérez
942 _2ddc
_cLBS1
999 _c50877
_d50877